The education of David Stockman and other Americans

שמור ב:
מידע ביבליוגרפי
מחבר ראשי: Greider, William
פורמט: ספר
שפה:Undetermined
יצא לאור: New York E. P. Dutton 1982
נושאים:
תגים: הוספת תג
אין תגיות, היה/י הראשונ/ה לתייג את הרשומה!
Thư viện lưu trữ: Trung tâm Học liệu Trường Đại học Cần Thơ
LEADER 00604nam a2200205Ia 4500
001 CTU_77395
008 210402s9999 xx 000 0 und d
082 |a 973.927 
082 |b G824 
100 |a Greider, William 
245 4 |a The education of David Stockman and other Americans 
245 0 |c William Greider 
260 |a New York 
260 |b E. P. Dutton 
260 |c 1982 
650 |a Finance, public,United states,United states 
650 |x History,Politics and government 
650 |y 20th century 
904 |i Trọng Hải 
980 |a Trung tâm Học liệu Trường Đại học Cần Thơ